Countries Ilham Aliyev has visited - Statistics

General Stats
  • This quiz has been taken 53 times
    19 since last reset
  • The average score is 43 of 50
Answer Stats
Continent Country % Correct
Europe Belarus
100%
Asia China
100%
Africa Egypt
100%
Asia Georgia
100%
Asia Iran
100%
Asia Kazakhstan
100%
Asia Kuwait
100%
Asia Qatar
100%
Asia Saudi Arabia
100%
Asia/ Europe Turkey
100%
Asia Turkmenistan
100%
Asia United Arab Emirates
100%
Europe United Kingdom
100%
Asia Uzbekistan
100%
Europe Albania
88%
Europe Bosnia and Herzegovina
88%
Europe Czech Republic
88%
Europe Estonia
88%
Europe France
88%
Europe Germany
88%
Europe Hungary
88%
Europe Italy
88%
Asia Jordan
88%
Asia Kyrgyzstan
88%
Europe Latvia
88%
Europe Lithuania
88%
Europe Moldova
88%
Asia Pakistan
88%
Europe Romania
88%
Asia/ Europe Russia
88%
Europe Serbia
88%
Asia South Korea
88%
Asia Tajikistan
88%
North America United States of America
88%
Europe Austria
75%
Europe Belgium
75%
Europe Bulgaria
75%
Europe Croatia
75%
Europe Finland
75%
Europe Greece
75%
Asia Japan
75%
Europe Montenegro
75%
Africa Morocco
75%
Europe Poland
75%
Europe Switzerland
75%
Europe Ukraine
75%
Europe Vatican City
75%
Asia Vietnam
75%
Europe Slovenia
63%
Asia Singapore
50%
No matching quizzes found
Score Distribution
Percent of People with Each Score
Percentile by Number Answered
Your Score History
You have not taken this quiz since the last reset